000 00217nam a22001097a 4500
041 _aeng
080 _a80
100 _aNolasco, Rob
245 _aStreetwise. Interm. WB.
650 _aEnglish Practice
999 _c279935
_d279935
942 _cBK